Southville International School and Colleges
Your cart is empty.
  • Cart
  • Lists
    Public lists Eva Luna New books Lux_list list_1
    Your lists Log in to create your own lists
  • Log in to your account
  • Your cookies
  • Search history
Southville International School and Colleges
  • Advanced search
  • Recent comments
  • Most popular
  • Libraries

Log in to your account

Log in with GOOGLE


If you do not have an external account, but do have a local account, you can still log in:

  1. Home
  2. MARC view: Thomas & friends : Look and find /
Normal view MARC view ISBD view

Thomas & friends : Look and find / (Record no. 12434)

[ view plain ]
MARC details
000 -LEADER
fixed length control field 00474nam a22001697a 4500
003 - CONTROL NUMBER IDENTIFIER
control field OSt
005 - DATE AND TIME OF LATEST TRANSACTION
control field 20140310182353.0
008 - FIXED-LENGTH DATA ELEMENTS--GENERAL INFORMATION
fixed length control field 131001t xxu||||| |||| 00| 0 eng d
050 ## - LIBRARY OF CONGRESS CALL NUMBER
Classification number PZ 7
Item number .M462 2007
082 ## - DEWEY DECIMAL CLASSIFICATION NUMBER
Classification number J 793.73
Item number M462 2007
100 ## - MAIN ENTRY--PERSONAL NAME
Personal name Mawhinney, Art.
245 ## - TITLE STATEMENT
Title Thomas & friends : Look and find /
Statement of responsibility, etc Mawhinney, Art.
260 ## - PUBLICATION, DISTRIBUTION, ETC. (IMPRINT)
Place of publication, distribution, etc Lincoln, Illinois : .
Name of publisher, distributor, etc Publications International,
Date of publication, distribution, etc c2008.
300 ## - PHYSICAL DESCRIPTION
Extent 9 p.
Dimensions 31 cm
942 ## - ADDED ENTRY ELEMENTS (KOHA)
Source of classification or shelving scheme Library of Congress Classification
Koha item type Books
Holdings
Withdrawn status Lost status Source of classification or shelving scheme Damaged status Home library Current library Shelving location Date acquired Total Checkouts Full call number Barcode Date last seen Date checked out Copy number Price effective from Koha item type
    Library of Congress Classification   Luxembourg Library Luxembourg Library Grade School Section 10/01/2013 1 PZ 7 .M462 2007 19485 06/17/2025 02/05/2025 1 10/01/2013 Books

Thomas & friends : Look and find /

APA

Mawhinney A., . (2008). Thomas & friends : Look and find. Lincoln, Illinois: Publications International.

Chicago

Mawhinney Art, . 2008. Thomas & friends : Look and find. Lincoln, Illinois: Publications International.

Harvard

Mawhinney A., . (2008). Thomas & friends : Look and find. Lincoln, Illinois: Publications International.

MLA

Mawhinney Art, . Thomas & friends : Look and find. Lincoln, Illinois: Publications International. 2008.

  • Place hold
  • Print
  • Cite
  • Add to your cart (remove)
  • Save record
    BIBTEX Dublin Core MARCXML MARC (non-Unicode/MARC-8) MARC (Unicode/UTF-8) MARC (Unicode/UTF-8, Standard) MODS (XML) RIS
  • More searches
    Search for this title in:
    Other Libraries (WorldCat) Other Databases (Google Scholar) Online Stores (Bookfinder.com) Open Library (openlibrary.org)

Exporting to Dublin Core...

SOUTHVILLE LIBRARY

Southville International School and Colleges Library

1281 Tropical Ave. Cor. Luxembourg St., BF Homes International, Las Pinas City

Tel. No. 8256374 / 252358 Loc. 117/146

Powered by Koha